| 000 | 00607nam a2200217Ii 4500 | ||
|---|---|---|---|
| 003 | JO-AjNU | ||
| 008 | 230606s9999||||xx |||||||||||||| ||und|| | ||
| 020 | _a0-324-18643-6 | ||
| 040 |
_aJO-AjNU _beng _erda _cJO-AjNU |
||
| 041 | _aeng | ||
| 050 | 1 | 4 | _aHF5681.B2.G49 2004 |
| 100 | 3 |
_aGIBSON, CHARLES H, _eauthor _96831 |
|
| 245 | 0 | 0 | _aFINANCIAL REPORTING & ANALYSIS |
| 250 | _a9rd ed | ||
| 264 | 3 | 1 | _aAustralia:THOMSON South-WESTERN, 2004 |
| 300 | _a600p | ||
| 336 |
_atext _btxt _2rdacontent |
||
| 337 |
_aunmediated _bn _2rdamedia |
||
| 338 |
_avolume _bnc _2rdacarrier |
||
| 650 | 4 |
_aAccounting _96832 |
|
| 999 |
_aE3564 _c3540 _d3540 |
||